Diseño de una estrategia de servicio para apoyar la gestión del área de hospitalización del Hospital San Juan de Dios.
Uloženo v:
| Hlavní autor: | |
|---|---|
| Médium: | Kniha |
| Vydáno: |
San José, Costa Rica
1998
|
| Témata: | |
| Tagy: |
Přidat tag
Žádné tagy, Buďte první, kdo vytvoří štítek k tomuto záznamu!
|
MARC
| LEADER | 00000nam a2200000Ia 4500 | ||
|---|---|---|---|
| 003 | 008610 | ||
| 005 | 20231122132204.0 | ||
| 008 | 140114s1998 cr a m 000 ||s d | ||
| 040 | |c cru CEDI | ||
| 090 | |a TFG 3931 | ||
| 100 | |a Muir Clarke, Margit, 1973- |9 1821 | ||
| 245 | |a Diseño de una estrategia de servicio para apoyar la gestión del área de hospitalización del Hospital San Juan de Dios. | ||
| 260 | |a San José, Costa Rica |c 1998 | ||
| 300 | |a xiii, 122 hojas. | ||
| 500 | |a Investigación dirigida (licenciatura en ingeniería industrial)--Universidad de Costa Rica. Facultad de Ingeniería. Escuela de Ingeniería Industrial | ||
| 501 | |a Director de Investigación Dirigida de Graduación: Ing. Víctor Vargas | ||
| 650 | |x HOSPITAL SAN JUAN DE DIOS (COSTA RICA) - ADMINISTRACION |x SERVICIOS DE SALUD - EVALUACION |9 8853 | ||
| 942 | |c TFG |h TFG 3931 |i 008610 |6 TFG_3931_008610000000000 | ||
| 999 | |c 18559 |d 18559 | ||
